[Event "Abu Dhabi Masters op"]
[Site "Abu Dhabi"]
[Date "1999.08.29"]
[Round "8"]
[White "Kaiumov, Dmitry D"]
[Black "Zagrebelny, Sergey"]
[Result "0-1"]
[WhiteElo "2471"]
[BlackElo "2521"]
[PlyCount "80"]
[EventDate "1999.08.21"]
[Source "www.chesslib.no"]
[SourceDate "2004.05.04"]

1. e4 c5 2. Nf3 d6 3. d4 cxd4 4. Nxd4 Nf6 5. Nc3 a6 6. Bg5 e6 7. Qf3 Nbd7 8. O-O-O Qa5 9. h4 Be7 10. Kb1 O-O 11. g4 Ne5 12. Qg3 Bd7 13. f4 Nexg4 14. Nb3 Qc7 15. Be2 h5 16. Bxg4 hxg4 17. e5 dxe5 18. fxe5 Bc6 19. Rhg1 Ne4 20. Qxg4 Nxg5 21. Rde1 f5 22. exf6 Bxf6 23. hxg5 Bxc3 24. Qxe6+ Qf7 25. bxc3 Qxe6 26. Rxe6 Rae8 27. Rd6 Rd8 28. Rd4 Rd5 29. Kb2 Kh7 30. Rdg4 Kg6 31. Nd4 Bd7 32. R4g3 Rf4 33. a3 Re5 34. Kc1 Ree4 35. Nf3 Rg4 36. Nh2 Re1+ 37. Rxe1 Rxg3 38. Kb2 Bc6 39. Nf1 Rg1 40. Re6+ Kf7 0-1

[Event "JUG-chT2"]
[Site "Becici"]
[Date "1993.??.??"]
[Round "2"]
[White "Ivanovic, Bozidar"]
[Black "Bykhovsky, Avigdor"]
[Result "1-0"]
[WhiteElo "2470"]
[BlackElo "2520"]
[PlyCount "73"]
[EventDate "1993.??.??"]
[Source "www.chesslib.no"]
[SourceDate "2004.05.04"]

1. e4 c5 2. Nf3 d6 3. d4 cxd4 4. Nxd4 Nf6 5. Nc3 a6 6. Bg5 e6 7. Qf3 h6 8. Bh4 Be7 9. O-O-O Qc7 10. g4 Nbd7 11. Qh3 Nb6 12. f4 Bd7 13. Rg1 O-O-O 14. Qf3 Bc6 15. Be2 Nbd7 16. Qe3 Rde8 17. Bg3 g6 18. Rgf1 Qb6 19. e5 Nd5 20. Nxd5 exd5 21. Qc3 Nc5 22. Nxc6 bxc6 23. Bf2 a5 24. Bf3 Qb4 25. Bd4 Rhg8 26. a3 Qxc3 27. Bxc3 a4 28. Kb1 Kd7 29. Ka2 Ne6 30. Bh1 dxe5 31. Bxe5 f6 32. Bc3 g5 33. fxg5 Rxg5 34. h3 h5 35. Bf3 hxg4 36. Bxg4 Rg6 37. Bf5 1-0

[Event "Osen II"]
[Site "Alushta"]
[Date "2003.??.??"]
[Round "9"]
[White "Bakre, Tejas"]
[Black "Kovalev, Andrei"]
[Result "1/2-1/2"]
[WhiteElo "2434"]
[BlackElo "2554"]
[PlyCount "100"]
[EventDate "2003.09.27"]
[Source "Roberto Alvarez"]
[SourceDate "2003.10.06"]

1. e4 c5 2. Nf3 d6 3. d4 cxd4 4. Nxd4 Nf6 5. Nc3 a6 6. Bg5 e6 7. Qe2 h6 8. Bh4 Nc6 9. O-O-O Qb6 10. Nb3 Qc7 11. Bxf6 gxf6 12. Qh5 b5 13. f4 b4 14. Ne2 e5 15. Ng3 exf4 16. Ne2 Ne5 17. Qh4 Ng6 18. Qxf6 Be7 19. Qd4 Qa7 20. Qxa7 Rxa7 21. Ned4 Rc7 22. Nf5 Bxf5 23. exf5 Ne5 24. Bxa6 O-O 25. Kb1 Ra8 26. Be2 Rca7 27. Nc1 Rc8 28. Rd4 Rac7 29. Ba6 Ra8 30. Bd3 f3 31. gxf3 Rb8 32. Rf1 Rb6 33. f4 Nd7 34. Rd5 Nc5 35. Bc4 Bf6 36. Bb3 Re7 37. Rfd1 Kg7 38. Rxd6 Rxd6 39. Rxd6 Re1 40. Rd5 Ne4 41. Rd7 Be7 42. c3 bxc3 43. Kc2 cxb2 44. Kxb2 Nc5 45. Rd1 Re4 46. Rg1+ Kf6 47. Bc2 Rxf4 48. Nd3 Rxf5 49. Nxc5 Bxc5 50. Rg3 Rg5 1/2-1/2

[Event "21st open"]
[Site "Metz"]
[Date "2003.04.27"]
[Round "9.9"]
[White "Ivanovic, Bozidar"]
[Black "Ginsburg, Gennadij"]
[Result "1-0"]
[WhiteElo "2512"]
[BlackElo "2474"]
[PlyCount "65"]
[EventDate "2003.04.19"]
[Source "Roberto Alvarez"]
[SourceDate "2003.04.28"]

1. e4 c5 2. Nf3 d6 3. d4 cxd4 4. Nxd4 Nf6 5. Nc3 a6 6. Bg5 e6 7. Qf3 Nbd7 8. O-O-O Qc7 9. Kb1 Be7 10. Qg3 b5 11. Bd3 b4 12. Nce2 Nc5 13. f3 Rb8 14. Nb3 Nxd3 15. cxd3 O-O 16. Nf4 Kh8 17. d4 Rb5 18. h4 a5 19. Rc1 Qa7 20. e5 dxe5 21. dxe5 Nd5 22. Bh6 gxh6 23. Nh5 Bg5 24. hxg5 Rg8 25. Nf4 Qe3 26. Rxh6 Qxf4 27. Rxh7+ Kxh7 28. Qh3+ Kg6 29. Qh6+ Kf5 30. Re1 Qxg5 31. g4+ Kf4 32. Qh2+ Kxf3 33. Nd4+ 1-0

[Event "BAY"]
[Site "?"]
[Date "1996.??.??"]
[Round "4"]
[White "Katalymov Boris N"]
[Black "Boensch Uwe"]
[Result "1/2-1/2"]
[WhiteElo "2435"]
[BlackElo "2550"]
[PlyCount "128"]
[EventDate "1996.??.??"]
[Source "www.chesslib.no"]
[SourceDate "2004.05.04"]

1. e4 c5 2. Nf3 d6 3. d4 cxd4 4. Nxd4 Nf6 5. Nc3 a6 6. Bg5 e6 7. Qd3 Nbd7 8. f4 b5 9. O-O-O Bb7 10. e5 b4 11. exf6 gxf6 12. Bh4 bxc3 13. Qxc3 Rc8 14. Qh3 Bh6 15. Bg3 Bg7 16. f5 e5 17. Ne6 fxe6 18. Qh5+ Ke7 19. fxe6 Qe8 20. Qxe8+ Rcxe8 21. exd7 Kxd7 22. Bd3 Bxg2 23. Bf5+ Ke7 24. Rhg1 Bh6+ 25. Kb1 Bb7 26. c4 Be3 27. Bf2 Bc8 28. Bxc8 Bxf2 29. Rg7+ Kf8 30. Rc7 Bb6 31. Rb7 Rxc8 32. Rxb6 Kg7 33. Rxa6 Rxc4 34. Raxd6 Rf4 35. Rg1+ Kf7 36. Rb6 Re8 37. b4 e4 38. Rb7+ Ke6 39. Re1 Kf5 40. b5 e3 41. Kc2 Rf2+ 42. Kb3 e2 43. Kc2 Kf4 44. Rd7 f5 45. b6 Rg2 46. b7 Rgg8 47. a4 Ke3 48. a5 f4 49. Rd3+ Kf2 50. Kd2 f3 51. a6 Re7 52. Rb1 h5 53. Rdb3 Rd8+ 54. Kc2 Rc7+ 55. Kb2 Kg2 56. Re3 Rc6 57. a7 Rb6+ 58. Rb3 Rxb7 59. Rxb7 Ra8 60. Rg7+ Kf2 61. Re7 Rxa7 62. Rxa7 e1=Q 63. Rxe1 Kxe1 64. Re7+ Kd2 1/2-1/2

[Event "Alushta"]
[Site "Alushta UKR"]
[Date "1992.??.??"]
[Round "8"]
[White "Milov, Leonid"]
[Black "Novikov, Igor A"]
[Result "0-1"]
[WhiteElo "2400"]
[BlackElo "2585"]
[PlyCount "64"]
[EventDate "1992.??.??"]
[Source "www.chesslib.no"]
[SourceDate "2004.05.04"]

1. e4 c5 2. Nf3 d6 3. d4 cxd4 4. Nxd4 Nf6 5. Nc3 a6 6. Bg5 e6 7. Qf3 Nbd7 8. O-O-O Qc7 9. Bxf6 Nxf6 10. g4 b5 11. g5 Nd7 12. a3 Rb8 13. Qh3 Nc5 14. b4 Na4 15. Ndxb5 Qc6 16. Qd3 axb5 17. Qxb5 Rxb5 18. Bxb5 Bd7 19. Bxc6 Bxc6 20. Nxa4 Bxa4 21. h4 Be7 22. Rh3 h6 23. Rc3 Kd7 24. Rc5 Bd8 25. f3 hxg5 26. hxg5 Rh3 27. Rd3 Rg3 28. Kb2 Bb6 29. c4 Rg2+ 30. Ka1 Rg1+ 31. Kb2 Bxc5 32. bxc5 Rd1 0-1

[Event "World Open"]
[Site "Philadelphia, PA USA"]
[Date "1990.??.??"]
[Round "1"]
[White "Shirazi, Kamran G"]
[Black "Lerner, Konstantin Z"]
[Result "1-0"]
[WhiteElo "2420"]
[BlackElo "2560"]
[PlyCount "90"]
[EventDate "1990.06.??"]
[Source "www.chesslib.no"]
[SourceDate "2004.05.04"]

1. e4 c5 2. Nf3 d6 3. d4 cxd4 4. Nxd4 Nf6 5. Nc3 a6 6. Bg5 e6 7. Qe2 Be7 8. O-O-O Qc7 9. f4 Nbd7 10. Nf3 e5 11. g4 h6 12. Bxf6 Nxf6 13. g5 hxg5 14. fxg5 Nh5 15. Nd5 Qc6 16. g6 f5 17. Bg2 Be6 18. Nxe7 Nf4 19. Qd2 Kxe7 20. Nd4 Qc5 21. Nxe6 Nxe6 22. exf5 Nf4 23. Rhe1 Rxh2 24. Qxf4 Rxg2 25. Qh4+ Kd7 26. Qa4+ b5 27. Qe4 Qc6 28. Rxd6+ Kxd6 29. Qxe5+ Kd7 30. Qe7+ Kc8 31. Qf8+ Kb7 32. Qe7+ Qc7 33. f6 Rd8 34. f7 Qxe7 35. Rxe7+ Kb6 36. b4 Rc8 37. Kd1 Rg1+ 38. Kd2 Rg2+ 39. Re2 Rd8+ 40. Ke1 Rg1+ 41. Kf2 Rf8 42. Re6+ Kc7 43. Rxa6 Kd7 44. Ke3 Ke7 45. Ra7+ Kd8 1-0

[Event "URS-chT"]
[Site "Moscow"]
[Date "1972.??.??"]
[Round "?"]
[White "Suetin, Alexey S"]
[Black "Yuferov, Sergey  N"]
[Result "0-1"]
[WhiteElo "2550"]
[BlackElo "2430"]
[PlyCount "89"]
[EventDate "1972.??.??"]
[Source "ChessBase"]

1. e4 c5 2. Nf3 d6 3. d4 cxd4 4. Nxd4 Nf6 5. Nc3 a6 6. Bg5 e6 7. Qf3 h6 8. Bxf6 Qxf6 9. Qxf6 gxf6 10. Be2 h5 11. h4 Bd7 12. a4 Nc6 13. Nb3 Rc8 14. a5 Nb4 15. O-O-O e5 16. Kb1 f5 17. Bf3 Be7 18. exf5 Bxf5 19. Rd2 Rc7 20. Be4 Be6 21. g3 f5 22. Bd5 Nxd5 23. Nxd5 Rc4 24. Rhd1 Bf8 25. Rd3 Rh6 26. Nc1 Rc5 27. b4 Rc4 28. Na2 f4 29. gxf4 Bxd5 30. Rxd5 Rxf4 31. b5 Rxh4 32. c3 Rh7 33. bxa6 bxa6 34. Nb4 Ra7 35. Kc2 Rf4 36. Nd3 Rf3 37. Rb1 h4 38. Rb8+ Ke7 39. Nb4 Rxf2+ 40. Kb3 Ke6 41. Rd3 Raf7 42. Ka4 Rf1 43. Kb3 Be7 44. Rb6 Rh1 45. Nc6 0-1

[Event "Katowice Open"]
[Site "Katowice POL"]
[Date "1991.??.??"]
[Round "9"]
[White "Malisauskas, Vidmantas"]
[Black "Agrest, Evgenij"]
[Result "1/2-1/2"]
[WhiteElo "2505"]
[BlackElo "2475"]
[PlyCount "46"]
[EventDate "1991.??.??"]
[Source "www.chesslib.no"]
[SourceDate "2004.05.04"]

1. e4 c5 2. Nf3 d6 3. d4 cxd4 4. Nxd4 Nf6 5. Nc3 a6 6. Bg5 e6 7. Qf3 Nbd7 8. O-O-O Qc7 9. Be2 b5 10. Rhe1 b4 11. Nb1 Bb7 12. Nd2 Be7 13. Kb1 Rc8 14. Bd3 g6 15. Qe2 O-O 16. f4 e5 17. fxe5 Nxe5 18. N4f3 Nh5 19. Bxe7 Qxe7 20. Nxe5 dxe5 21. g3 a5 22. Nc4 Qc5 23. Qe3 Rfd8 1/2-1/2

[Event "Ramsgate"]
[Site "Ramsgate"]
[Date "1981.??.??"]
[Round "?"]
[White "Plaskett, Jim"]
[Black "Nunn, John D M"]
[Result "1/2-1/2"]
[WhiteElo "2405"]
[BlackElo "2575"]
[PlyCount "26"]
[EventDate "1981.??.??"]
[Source "www.chesslib.no"]
[SourceDate "2004.05.04"]

1. e4 c5 2. Nf3 d6 3. d4 cxd4 4. Nxd4 Nf6 5. Nc3 a6 6. Bg5 e6 7. Qd2 h6 8. Bxf6 Qxf6 9. f4 Nc6 10. Nf3 g5 11. fxg5 hxg5 12. Qxg5 Qxg5 13. Nxg5 Ne5 1/2-1/2

[Event "JUG-Cup final"]
[Site "Pula CRO"]
[Date "1991.??.??"]
[Round "4"]
[White "Ivanovic, Bozidar"]
[Black "Bukic, Enver"]
[Result "1/2-1/2"]
[WhiteElo "2535"]
[BlackElo "2440"]
[PlyCount "37"]
[EventDate "1991.??.??"]
[Source "www.chesslib.no"]
[SourceDate "2004.05.04"]

1. e4 c5 2. Nf3 d6 3. d4 cxd4 4. Nxd4 Nf6 5. Nc3 a6 6. Bg5 e6 7. Qf3 h6 8. Bh4 Nbd7 9. O-O-O Qc7 10. Be2 Be7 11. Rhe1 g5 12. Bg3 Ne5 13. Qe3 b5 14. a3 Rb8 15. f4 gxf4 16. Bxf4 b4 17. axb4 Rxb4 18. Nb3 Qb6 19. Qxb6 1/2-1/2

[Event "URS-ch U26"]
[Site "Kherson"]
[Date "1991.??.??"]
[Round "?"]
[White "Sorokin, Maxim"]
[Black "Timoshenko, Georgy"]
[Result "1/2-1/2"]
[WhiteElo "2500"]
[BlackElo "2475"]
[PlyCount "110"]
[EventDate "1991.??.??"]
[Source "ChessBase"]

1. e4 c5 2. Nf3 d6 3. d4 cxd4 4. Nxd4 Nf6 5. Nc3 a6 6. Bg5 e6 7. Qe2 Be7 8. h4 h6 9. Bd2 Nc6 10. Nxc6 bxc6 11. e5 Nd5 12. exd6 Qxd6 13. Rd1 O-O 14. Ne4 Qe5 15. c4 Nf6 16. Nc3 Qb8 17. g4 Nh7 18. b3 c5 19. g5 Bb7 20. Ne4 f5 21. gxf6 Nxf6 22. Bg2 Kh8 23. Kf1 Nxe4 24. Bxe4 Bf6 25. Bxb7 Qxb7 26. Rh2 Bd4 27. Be3 e5 28. Bxd4 exd4 29. Re1 a5 30. Qe7 Qf3 31. Rg2 Rf7 32. Qxc5 Qc3 33. Rd1 Re8 34. Qd5 Rfe7 35. Rg3 Re1+ 36. Rxe1 Qxe1+ 37. Kg2 Qd2 38. Qd7 Rg8 39. a3 Qf4 40. Rg4 Qf8 41. a4 Qa8+ 42. Qd5 Qb8 43. Rxd4 Qxb3 44. c5 Qc2 45. Rc4 Qg6+ 46. Kf3 Qg1 47. Qf7 Rd8 48. Rg4 Qd1+ 49. Kg3 Rd3+ 50. f3 Qg1+ 51. Kh3 Qh1+ 52. Kg3 Qe1+ 53. Kh3 Qh1+ 54. Kg3 Qg1+ 55. Kh3 Qh1+ 1/2-1/2

[Event "Sukhumi"]
[Site "Sukhumi GEO"]
[Date "1972.08.18"]
[Round "3"]
[White "Murey, Jacob I"]
[Black "Savon, Vladimir A"]
[Result "0-1"]
[WhiteElo "2380"]
[BlackElo "2595"]
[PlyCount "82"]
[EventDate "1972.08.16"]
[Source "www.chesslib.no"]
[SourceDate "2004.05.04"]

1. e4 c5 2. Nf3 d6 3. d4 cxd4 4. Nxd4 Nf6 5. Nc3 a6 6. Bg5 e6 7. Qe2 Be7 8. O-O-O Nxe4 9. Bxe7 Nxc3 10. Bxd8 Nxe2+ 11. Nxe2 Kxd8 12. Rxd6+ Ke7 13. Rd2 Bd7 14. Nd4 Nc6 15. Be2 Nxd4 16. Rxd4 Bc6 17. f3 Rad8 18. Rhd1 Rxd4 19. Rxd4 g5 20. Kd2 f5 21. Ke3 h5 22. Kf2 g4 23. f4 h4 24. c4 e5 25. fxe5 Ke6 26. Rd6+ Kxe5 27. c5 Bd5 28. a3 a5 29. Rb6 a4 30. Bb5 f4 31. Rg6 g3+ 32. hxg3 hxg3+ 33. Kg1 Rc8 34. Rg5+ Kd4 35. Rf5 Rxc5 36. Rxf4+ Ke3 37. Rb4 Rc1+ 38. Bf1 Be4 39. Rb6 Bd3 40. Rf6 Rxf1+ 41. Rxf1 Bxf1 0-1

[Event "Mikenas mem op"]
[Site "Vilnius"]
[Date "1997.??.??"]
[Round "?"]
[White "Kengis, Edvins"]
[Black "Piesina, Gintautas"]
[Result "1/2-1/2"]
[WhiteElo "2585"]
[BlackElo "2390"]
[PlyCount "38"]
[EventDate "1997.??.??"]
[Source "www.chesslib.no"]
[SourceDate "2004.05.04"]

1. e4 c5 2. Nf3 d6 3. d4 cxd4 4. Nxd4 Nf6 5. Nc3 a6 6. Bg5 e6 7. Qd3 Nbd7 8. f4 b5 9. O-O-O b4 10. Nd5 exd5 11. exd5 Nc5 12. Re1+ Kd7 13. Qc4 Qb6 14. Bxf6 gxf6 15. Nc6 Kc7 16. Be2 a5 17. Bh5 Ba6 18. Qd4 Nd7 19. Qd2 f5 1/2-1/2

[Event "URS-ch1L"]
[Site "Minsk BLR"]
[Date "1976.??.??"]
[Round "?"]
[White "Kupreichik, Viktor D"]
[Black "Grigoryan, Karen A"]
[Result "1/2-1/2"]
[WhiteElo "2490"]
[BlackElo "2485"]
[PlyCount "82"]
[EventDate "1976.10.??"]
[Source "www.chesslib.no"]
[SourceDate "2004.05.04"]

1. e4 c5 2. Nf3 d6 3. d4 cxd4 4. Nxd4 Nf6 5. Nc3 a6 6. Bg5 e6 7. Qf3 h6 8. Bh4 Nbd7 9. O-O-O Ne5 10. Qe3 g5 11. Bg3 Qc7 12. Be2 Be7 13. Rhf1 b5 14. a3 Rb8 15. f4 gxf4 16. Rxf4 h5 17. h3 b4 18. axb4 Rxb4 19. Bh4 Nfg4 20. Bxg4 Bxh4 21. Bxe6 fxe6 22. Rxh4 Rxb2 23. Nb3 Rxb3 24. cxb3 Ng6 25. g3 Nxh4 26. gxh4 Rg8 27. Rd3 Bd7 28. Qd4 Ke7 29. Rf3 e5 30. Qd2 Be6 31. Kb2 Qc5 32. Nd1 Qg1 33. Ne3 Qh1 34. Qf2 Rg1 35. Nd5+ Bxd5 36. Qa7+ Ke8 37. Qb8+ Ke7 38. Qc7+ Ke8 39. Qc8+ Ke7 40. Qc7+ Ke8 41. Qc8+ Ke7 1/2-1/2

[Event "Presidents Cup"]
[Site "?"]
[Date "2005.05.05"]
[Round "4.1"]
[White "Mamedov Nidjat"]
[Black "Ibrahimov Rasul"]
[Result "0-1"]
[WhiteElo "2463"]
[BlackElo "2511"]
[PlyCount "56"]
[EventDate "2005.??.??"]
[Source "www.chesslib.no"]
[SourceDate "2004.05.04"]

1. e4 c5 2. Nf3 d6 3. d4 cxd4 4. Nxd4 Nf6 5. Nc3 a6 6. Bg5 e6 7. Qf3 Be7 8. O-O-O Qc7 9. g4 Nc6 10. Rg1 Bd7 11. Nb3 b5 12. a3 Rc8 13. Kb1 b4 14. axb4 Nxb4 15. Bd3 a5 16. Qe2 a4 17. Nd4 O-O 18. f4 Qb6 19. Bxf6 Bxf6 20. e5 dxe5 21. fxe5 Be7 22. Bb5 Rxc3 23. Bxd7 Rb8 24. Qb5 Qc7 25. Qxa4 Nd5 26. Bc6 Ra3 27. Nb5 Rxa4 28. Nxc7 Nc3+ 0-1

[Event "Cup Tito"]
[Site "Pula CRO"]
[Date "1989.??.??"]
[Round "?"]
[White "Ivanovic, Bozidar"]
[Black "Buljovcic, Ivan"]
[Result "1-0"]
[WhiteElo "2545"]
[BlackElo "2425"]
[PlyCount "45"]
[EventDate "1989.??.??"]
[Source "www.chesslib.no"]
[SourceDate "2004.05.04"]

1. e4 c5 2. Nf3 d6 3. d4 cxd4 4. Nxd4 Nf6 5. Nc3 a6 6. Bg5 e6 7. Qf3 h6 8. Bh4 Nbd7 9. O-O-O Qc7 10. Be2 b5 11. e5 Bb7 12. Nxe6 fxe6 13. Qh5+ Kd8 14. exf6 Nxf6 15. Qg6 Be7 16. Qxg7 Rf8 17. Bf3 Bxf3 18. gxf3 d5 19. Kb1 Qf4 20. Rhe1 Qxh4 21. Rxe6 Ra7 22. Rxe7 Re8 23. Rxe8+ 1-0

[Event "JUG-chT playoff"]
[Site "Vrnjacka Banja"]
[Date "1999.08.31"]
[Round "3"]
[White "Vukovic, Zdravko"]
[Black "Pavlovic, Milos"]
[Result "0-1"]
[WhiteElo "2470"]
[BlackElo "2500"]
[PlyCount "48"]
[EventDate "1999.08.29"]
[Source "www.chesslib.no"]
[SourceDate "2004.05.04"]

1. e4 c5 2. Nf3 d6 3. d4 cxd4 4. Nxd4 Nf6 5. Nc3 a6 6. Bg5 e6 7. Qd3 b5 8. O-O-O b4 9. Nce2 Nbd7 10. f4 Nc5 11. Qe3 Qc7 12. Ng3 Bb7 13. Bxf6 gxf6 14. Nh5 O-O-O 15. Bd3 Be7 16. Kb1 Kb8 17. g4 d5 18. e5 fxe5 19. fxe5 Ne4 20. Bxe4 dxe4 21. Nf6 Bc5 22. Rhf1 Qb6 23. Qg5 Bxd4 24. Qg7 e3 0-1

[Event "Gluecksburg tt"]
[Site "Gluecksburg"]
[Date "1977.??.??"]
[Round "3"]
[White "Wibe, Terje Paul"]
[Black "Olafsson, Fridrik"]
[Result "0-1"]
[WhiteElo "2405"]
[BlackElo "2560"]
[PlyCount "62"]
[EventDate "1977.??.??"]
[Source "www.chesslib.no"]
[SourceDate "2004.05.04"]

1. e4 c5 2. Nf3 d6 3. d4 cxd4 4. Nxd4 Nf6 5. Nc3 a6 6. Bg5 e6 7. Qf3 h6 8. Bh4 Bd7 9. O-O-O Nc6 10. Nxc6 Bxc6 11. Bd3 Be7 12. Rhe1 Qa5 13. Kb1 b5 14. Qh3 b4 15. Bxf6 Bxf6 16. Nd5 Bd8 17. f4 O-O 18. Ne3 Qc5 19. Ng4 Ra7 20. e5 dxe5 21. Rxe5 Bd5 22. Rh5 f5 23. Ne5 Qf2 24. g4 Qxf4 25. gxf5 Qxe5 26. fxe6 Qxe6 27. Bf5 Qb6 28. Qd3 Bf7 29. Bh7+ Kh8 30. Rf1 Bf6 31. Rhf5 Qd4 0-1

[Event "Moscow PCA-Intel qual"]
[Site "Moscow"]
[Date "1995.??.??"]
[Round "2"]
[White "Bezgodov, Alexei"]
[Black "Vaulin, Alexander"]
[Result "1-0"]
[WhiteElo "2455"]
[BlackElo "2510"]
[PlyCount "73"]
[EventDate "1995.??.??"]
[Source "ChessBase"]

1. e4 c5 2. Nf3 d6 3. d4 cxd4 4. Nxd4 Nf6 5. Nc3 a6 6. Bg5 e6 7. Qf3 h6 8. Be3 e5 9. Nde2 b5 10. Nd5 Nxd5 11. exd5 Nd7 12. g4 Qc7 13. O-O-O Nf6 14. Rg1 Bb7 15. Nc3 b4 16. Ne4 Be7 17. Nxf6+ Bxf6 18. Kb1 Bg5 19. Qe4 Bxe3 20. fxe3 Qc5 21. h4 a5 22. g5 h5 23. Bh3 a4 24. Rgf1 b3 25. cxb3 axb3 26. axb3 O-O 27. g6 fxg6 28. Be6+ Kh7 29. Rg1 Rf6 30. Rxg6 Rxe6 31. Rxe6+ Kg8 32. Rg1 Qxd5 33. Rxg7+ Kxg7 34. Qg6+ Kh8 35. Qxh5+ Kg7 36. Qg5+ Kf8 37. Qf5+ 1-0

[Event "Piloo Mody Open"]
[Site "Lucknow"]
[Date "2004.10.04"]
[Round "4"]
[White "Singh, Gurpreetpal"]
[Black "Kotsur, Pavel"]
[Result "0-1"]
[WhiteElo "2356"]
[BlackElo "2607"]
[PlyCount "71"]
[EventDate "2004.10.01"]
[Source "Roberto Alvarez"]
[SourceDate "2004.10.18"]

1. e4 c5 2. Nf3 d6 3. d4 Nf6 4. Nc3 cxd4 5. Nxd4 a6 6. Bg5 e6 7. Qd3 Nc6 8. O-O-O Qb6 9. Be2 Bd7 10. f4 Nxd4 11. Qxd4 Qxd4 12. Rxd4 Bc6 13. Bf3 Nd7 14. Re1 Rc8 15. Kb1 h6 16. Bh4 b6 17. Rd2 b5 18. Ne2 g5 19. fxg5 Be7 20. Bg3 hxg5 21. Nd4 Ba8 22. Nb3 Ne5 23. Bxe5 dxe5 24. h3 a5 25. a3 b4 26. a4 Bd8 27. Nc1 Bb6 28. b3 Ke7 29. Ne2 Rcd8 30. Rxd8 Rxd8 31. Nc1 Bb7 32. Nd3 Bd4 33. Rd1 f5 34. Re1 Bc3 35. Re3 fxe4 36. Bxe4 0-1

[Event "Berliner Sommer"]
[Site "Berlin GER"]
[Date "1994.??.??"]
[Round "?"]
[White "Milov, Leonid"]
[Black "Moiseev, Viktor"]
[Result "1-0"]
[WhiteElo "2510"]
[BlackElo "2450"]
[PlyCount "79"]
[EventDate "1994.08.??"]
[Source "www.chesslib.no"]
[SourceDate "2004.05.04"]

1. e4 c5 2. Nf3 d6 3. d4 cxd4 4. Nxd4 Nf6 5. Nc3 a6 6. Bg5 e6 7. Qf3 Be7 8. O-O-O Nbd7 9. Be2 h6 10. Be3 g5 11. h4 g4 12. Qg3 Ne5 13. f4 gxf3 14. gxf3 Qc7 15. f4 Rg8 16. Qh3 Neg4 17. f5 Bd7 18. Rhg1 h5 19. fxe6 fxe6 20. Bg5 O-O-O 21. Bxg4 hxg4 22. Qd3 Rdf8 23. Kb1 Kb8 24. Nde2 Bc8 25. Qe3 Rf7 26. Rg2 Bf8 27. Qg1 Bg7 28. Rg3 e5 29. Rgd3 Ne8 30. Nd5 Qc4 31. Ng3 Rf3 32. Be3 Rxe3 33. Qxe3 Rf8 34. Nb6 Qe6 35. Nxc8 Qxc8 36. Nf5 Bf6 37. Rg1 Rg8 38. Qe2 Qc5 39. Rxg4 Rxg4 40. Qxg4 1-0

[Event "III Memorial E.Geller - Open A"]
[Site "Odessa UCR"]
[Date "2007.09.10"]
[Round "3"]
[White "Shevchenko, Sergey"]
[Black "Solodovnichenko, Yuri"]
[Result "0-1"]
[WhiteElo "2378"]
[BlackElo "2582"]
[PlyCount "108"]
[EventDate "2007.09.08"]
[Source "www.chesslib.no"]
[SourceDate "2004.05.04"]

1. e4 c5 2. Nf3 d6 3. d4 Nf6 4. Nc3 cxd4 5. Nxd4 a6 6. Bg5 e6 7. f3 h6 8. Be3 b5 9. Qd2 Nbd7 10. O-O-O Nb6 11. g4 Bb7 12. Qf2 Nfd7 13. Kb1 Rc8 14. Nce2 Qc7 15. Ng3 d5 16. f4 dxe4 17. f5 e5 18. Ne6 fxe6 19. fxe6 Nc5 20. Qf5 Nd5 21. Qg6+ Kd8 22. Bg2 Nd3 23. cxd3 Qc2+ 24. Ka1 Nxe3 25. e7+ Kxe7 26. Nf5+ Nxf5 27. Qxf5 Rc5 28. Rhf1 Kd8 29. Bxe4 Bc8 30. Qg6 Rc7 31. d4 Qc4 32. dxe5+ Rd7 33. Rc1 Qd4 34. Bc6 Ba3 35. Qc2 Bxb2+ 36. Qxb2 Qxb2+ 37. Kxb2 Rd2+ 38. Rc2 Rxc2+ 39. Kxc2 Ke7 40. Bd5 Be6 41. Bxe6 Kxe6 42. Kb3 Rd8 43. Rc1 Kxe5 44. Rc7 g5 45. Re7+ Kf4 46. Re6 Rd3+ 47. Kb4 Rh3 48. Rxa6 Kxg4 49. Kxb5 Rxh2 50. Kc5 h5 51. Kd4 h4 52. Ke5 h3 53. Ra8 Re2+ 54. Kf6 h2 0-1

[Event "Hania op"]
[Site "Hania"]
[Date "1993.??.??"]
[Round "8"]
[White "Inkiov, Ventzislav"]
[Black "Georgiev, Krum"]
[Result "0-1"]
[WhiteElo "2485"]
[BlackElo "2475"]
[PlyCount "72"]
[EventDate "1993.08.??"]
[Source "ChessBase"]

1. e4 c5 2. Nf3 d6 3. d4 cxd4 4. Nxd4 Nf6 5. Nc3 a6 6. Bg5 e6 7. Qf3 h6 8. Bh4 Nbd7 9. O-O-O Ne5 10. Qe3 g5 11. Bg3 Qc7 12. Be2 b5 13. a3 Rb8 14. Rhf1 Be7 15. f4 gxf4 16. Rxf4 h5 17. h3 b4 18. axb4 Rxb4 19. Bh4 Nfg4 20. hxg4 Bxh4 21. gxh5 Bg5 22. g3 Qb6 23. b3 Bxf4 24. gxf4 Nc6 25. Na4 Qa7 26. Qc3 Rxd4 27. Rxd4 Qxd4 28. Qxc6+ Bd7 29. Qxa6 Ke7 30. Qd3 Qa1+ 31. Kd2 Bxa4 32. bxa4 Qxa4 33. Qc3 Rg8 34. h6 Qxe4 35. Qc7+ Kf6 36. Qxd6 Rg2 0-1

[Event "22nd Open"]
[Site "Andorra la Vella"]
[Date "2004.07.11"]
[Round "9"]
[White "Mateo, Ramon"]
[Black "Arizmendi Martinez, Julen L"]
[Result "0-1"]
[WhiteElo "2425"]
[BlackElo "2534"]
[PlyCount "86"]
[EventDate "2004.07.03"]
[Source "Roberto Alvarez"]
[SourceDate "2004.07.12"]

1. e4 c5 2. Nf3 d6 3. d4 cxd4 4. Nxd4 Nf6 5. Nc3 a6 6. Bg5 e6 7. g3 Be7 8. h4 Nc6 9. Bg2 Bd7 10. Nb3 Qc7 11. Qe2 b5 12. O-O O-O 13. Rad1 Rac8 14. Nb1 Rfd8 15. c3 h6 16. Bc1 e5 17. N1d2 Bg4 18. Bf3 Be6 19. Rfe1 b4 20. Qxa6 bxc3 21. bxc3 Ra8 22. Qd3 Rxa2 23. Nc4 d5 24. exd5 Nxd5 25. Bxd5 Bxd5 26. Qb1 Bxc4 27. Rxd8+ Bxd8 28. Qxa2 Qb6 29. Qa8 Bxb3 30. Be3 Qc7 31. Rb1 Bc2 32. Bb6 Qd7 33. Rc1 Be4 34. Re1 Bf3 35. Kh2 Qd2 36. Rf1 Qd3 37. Re1 Qd2 38. Rf1 Qd3 39. Re1 Kh7 40. Bxd8 Nxd8 41. Qa5 Qd2 42. Rf1 Qe2 43. Kg1 Be4 0-1

[Event "Lasker mem op"]
[Site "Barlinek"]
[Date "2002.07.27"]
[Round "9"]
[White "Solodovnichenko, Yuri"]
[Black "Voitsekhovsky, Stanislav"]
[Result "1-0"]
[WhiteElo "2448"]
[BlackElo "2511"]
[PlyCount "131"]
[EventDate "2002.07.19"]
[Source "ChessBase"]
[SourceDate "2002.09.11"]

1. e4 c5 2. Nf3 d6 3. d4 cxd4 4. Nxd4 Nf6 5. Nc3 a6 6. Bg5 e6 7. Qd3 Nbd7 8. f4 b5 9. O-O-O Qb6 10. Bxf6 gxf6 11. Qh3 Nc5 12. Bd3 b4 13. Nb1 Bd7 14. Nd2 Rc8 15. Kb1 Nxd3 16. Qxd3 a5 17. Rhe1 Be7 18. Re3 a4 19. Rh3 Qc5 20. Rc1 e5 21. Nf5 Bxf5 22. exf5 d5 23. c4 Rd8 24. cxd5 Qxd5 25. Qxd5 Rxd5 26. Rc8+ Bd8 27. Ne4 Kd7 28. Ra8 Kc6 29. Rh6 Rd1+ 30. Kc2 Rd4 31. Nxf6 Kb7 32. Rxa4 e4 33. Nd7 Rxd7 34. Rxb4+ Kc8 35. Rxe4 Rg8 36. Re2 Rc7+ 37. Kb1 Rg4 38. g3 f6 39. Rc2 Rgg7 40. Rxc7+ Kxc7 41. Kc2 Kd6 42. Kd3 Kd5 43. b3 Ra7 44. g4 Rg7 45. h3 Rf7 46. h4 Be7 47. g5 fxg5 48. fxg5 Rxf5 49. Rxh7 Bc5 50. g6 Rf3+ 51. Ke2 Rf2+ 52. Ke1 Rg2 53. Rh5+ Kd6 54. Rg5 Rxg5 55. hxg5 Ke6 56. Kd2 Bf8 57. Kc3 Kf5 58. a4 Kxg6 59. Kc4 Be7 60. a5 Bxg5 61. a6 Be3 62. Kd5 Kf6 63. b4 Ke7 64. Kc6 Kd8 65. Kb7 Kd7 66. b5 1-0

[Event "Heart of Finland Open 4th"]
[Site "Jyvaskyla FIN"]
[Date "1994.??.??"]
[Round "?"]
[White "Zaja, Ivan"]
[Black "Shneider, Aleksandr"]
[Result "1-0"]
[WhiteElo "2385"]
[BlackElo "2570"]
[PlyCount "80"]
[EventDate "1994.07.??"]
[Source "www.chesslib.no"]
[SourceDate "2004.05.04"]

1. e4 c5 2. Nf3 d6 3. d4 cxd4 4. Nxd4 Nf6 5. Nc3 a6 6. Bg5 e6 7. Qf3 Nbd7 8. O-O-O Qc7 9. Be2 Be7 10. Rhe1 Nc5 11. Nb3 Nxb3+ 12. axb3 O-O 13. Qg3 b5 14. Bh6 Ne8 15. Be3 Bd7 16. Bd3 b4 17. Ne2 a5 18. Kd2 Bf6 19. Nd4 g6 20. c4 bxc3+ 21. bxc3 Bg7 22. f3 Nf6 23. Rb1 Rab8 24. Rec1 e5 25. Ne2 d5 26. Ke1 dxe4 27. fxe4 Bc6 28. Qh4 Qd7 29. Rd1 Qb7 30. Ng3 Nd7 31. Kf2 f6 32. Kg1 Rfd8 33. Bc4+ Kh8 34. b4 axb4 35. cxb4 Nb6 36. Be6 Bb5 37. Rxd8+ Rxd8 38. Nf5 gxf5 39. Bxf5 h6 40. Bxh6 Kg8 1-0